Responses for Show #3228 - Wednesday, September 23, 1998

Contestants

[<< previous game]

Colin Sheldon, a legislative assistant from Vienna, Virginia

Hans Krimm, a college professor from Hampden Sydney, Virginia

Sharona Nelson, a technical writer from Marlborough, Massachusetts

[next game >>]

Jeopardy! Round responses

COUNTIES BY STATE
TV DRAMA
FASHION STATEMENTS
U.S. CRIME STATISTICS
(Alex: Oh, dear!)
THE "EL" YOU SAY
HORNBLOWER
    $100 6
Texas

Sharona
    $100 1
Touched by an Angel

Sharona
    $100 22
His hat

Colin
    $100 16
New York City

Hans
    $100 9
El Salvador

Hans
    $100 21
Napoleon

Colin
    $200 7
Illinois

Sharona
    $200 2
ER

Colin
    $200 23
Belt

Colin
    $200 17
FBI's Ten Most Wanted List

Hans
    $200 12
"El Paso"

Hans
    $200 27
James T. Kirk

Colin
    $300 8
South Carolina

Colin
    $300 3
Homicide: Life on the Street

Hans
    $300 24
Sleeve

Sharona
    $300 18
1 in 20

Colin
    $300 13
(Alex: It gets blamed for everything!)

"El Nino"

Colin
    $300 28
July 4, 1776

Colin
    $400 10
Pennsylvania

Sharona
    $400 4
From the Earth to the Moon

Triple Stumper
    $400 25
(Alex: Less than a minute to go.)

His britches

Hans
    $400 19
(Colin: What is a Camry?)
...
(Alex: They're after those in big numbers!)

Accord

HansColin
    $400 14
El Dorado

Sharona
    $400 29
Duke of Wellington

Colin
    $500 11
Ohio

Hans
    $200 5
(Hans: What is Navy SEALs?)

JAG

Hans
    $500 26
Necktie party

Colin
    $500 20
(Alex: That one guy did pretty well!)

Bank robberies

Triple Stumper
    $500 15
El Cid

Sharona
    $500 30
Midshipman

Triple Stumper

Scores at the first commercial break (after clue 12):

Sharona Hans Colin
$800 $900 $500

Scores at the end of the Jeopardy! Round:

Sharona Hans Colin
$2,000 $2,000 $2,500

Double Jeopardy! Round responses

MOUNTAINS
BOOKS BY WOMEN
WHAT'S THAT BIRD DOING?
FOOD & DRINK
THE "UN" CATEGORY
HORN BLOWERS
    $200 1
[Sharona selected the first clue.]

Finland

Colin
    $200 2
Gone with the Wind

Colin
    $200 21
Pine cones

Colin
    $200 12
Potatoes

Sharona
    $200 7
Unhorse

Hans
    $200 22
Marsalis

Sharona
    $400 8
Andes

Hans
    $400 3
Carson McCullers

Sharona
    $400 24
Sandpiper

Hans
    $400 13
Eggs

Colin
    $400 14
Under the apple tree

Sharona
    $400 23
(Alex: Less than a minute to go.)

"Hot Lips"

Hans
    $1,000 9
Colorado

Hans
    $600 4
Plague

Colin
    $600 25
(Colin: What are insects?)

Feathers

Colin
Triple Stumper
    $600 18
Oysters

Sharona
    $600 15
Uncle Vanya

Sharona
    $800 10
Alps

Hans
    $1,200 5
(C: What is "One Flew Over The Cuckoo's Nest?")

"August"

Colin
    $800 26
(Colin: What is a crow?)

Magpie

HansColin
    $800 19
(Colin: What is ouzo?)

Sambuca

Colin
Triple Stumper
    $800 16
Ungulate

Hans
    $1000 11
(Colin: What are the Urals?)

the Caucasus

HansColin
    $1000 6
The Outsiders

Colin
    $1000 27
[The end-of-round signal sounds.]
(Alex: Good for you, you got out of the hole at the very end!)

Osprey

Colin
    $1000 20
(Sharona: What is Caesar dressing?)
(Colin: What is Waldorf?)

Green Goddess dressing

SharonaColin
Triple Stumper
    $1000 17
Unhinged

Sharona

Scores at the end of the Double Jeopardy! Round:

Sharona Hans Colin
$4,400 $7,800 $700

[wagering suggestions for these scores]

Final Jeopardy! Round responses

HEALTH & MEDICINE
(Alex: That's what we need more of!)
ColinWhat is glucose?
$700
SharonaWhat
$2,400
HansWhat is bilirubin?
$1,001
cholesterol

Final scores:

Sharona Hans Colin
$2,000 $6,799 $0
2nd place: a trip to Puerto Vallarta, Mexico New champion: $6,799 3rd place: a Sony Wireless Sprint PCS phone

Game dynamics:

Coryat scores:

Sharona Hans Colin
$4,400 $7,600 $1,900
14 R,
1 W
17 R
(including 1 DD),
1 W
(including 1 DD)
18 R,
7 W
(including 1 DD)

Combined Coryat: $13,900

[game clues] [game scores] [suggest correction]

Game tape date: 1998-07-21
The J! Archive is created by fans, for fans. Scraping, republication, monetization, and malicious use prohibited; this site may use cookies and collect identifying information. See terms. The Jeopardy! game show and all elements thereof, including but not limited to copyright and trademark thereto, are the property of Jeopardy Productions, Inc. and are protected under law. This website is not affiliated with, sponsored by, or operated by Jeopardy Productions, Inc. Join the discussion at JBoard.tv.